Normal view
MARC view
- Zelnik, Martin
Entry Personal Name
001 - CONTROL NUMBER
- control field: 47491
003 - CONTROL NUMBER IDENTIFIER
- control field: NUST
005 - DATE AND TIME OF LATEST TRANSACTION
- control field: 20210314133834.0
008 - FIXED-LENGTH DATA ELEMENTS
- fixed length control field: 210314|| aca||aabn | a|a d
040 ## - CATALOGING SOURCE
- Original cataloging agency: NUST
- Transcribing agency: NUST
100 ## - HEADING--PERSONAL NAME
- Personal name: Zelnik, Martin
670 ## - SOURCE DATA FOUND
- Source citation: Work cat.: (NUST): Joseph De Chiara 47488, Time-saver standards for housing and residential development , c1995.
